[Event "POHÁR města Říčany 2024"]
[Site "Městské kulturní středisko U labutě"]
[Date "2024.07.01"]
[Round "4.2"]
[White "Hlavina, Matous"]
[Black "Walek, Petr"]
[Result "1-0"]
[WhiteElo "2231"]
[BlackElo "2294"]
[WhiteFideId "386650"]
[BlackFideId "339393"]
[PlyCount "0"]
[EventDate "2024.06.29"]

1. e4 c5 2. Nf3 d6 3. d4 cxd4 4. Nxd4 Nf6 5. Nc3 g6 6. g3 Bg7 7. Bg2 O-O 8. O-O
Nc6 9. Nde2 Rb8 10. a4 a6 11. h3 b5 12. axb5 axb5 13. Be3 Nd7 14. Nd4 Nxd4
15. Bxd4 Ne5 16. Nd5 Be6 17. Re1 Re8 18. Kh2 Qc8 19. Ra7 Rb7 20. Rxb7 Qxb7
21. Nf4 Qd7 22. Nxe6 Qxe6 23. c3 Rb8 24. f4 Nc6 25. Bxg7 Kxg7 26. Qd5 Na5
27. Qd4+ f6 28. e5 Qd7 29. exf6+ exf6 30. Bd5 Nc4 31. Re6 Rf8 32. b3 Na5 33. Qb6
Qd8 34. Qxd8 Rxd8 35. Re7+ Kh6 36. Ra7 Nxb3 37. Bxb3 Rc8 38. Rb7 Rxc3 39. Bg8 g5
40. f5 g4 41. h4 1-0

[Event "POHÁR města Říčany 2024"]
[Site "Městské kulturní středisko U labutě"]
[Date "2024.07.01"]
[Round "4.3"]
[White "Vojta, Jakub"]
[Black "Topencik, Bruno"]
[Result "1/2-1/2"]
[WhiteElo "2266"]
[BlackElo "2070"]
[WhiteFideId "382515"]
[BlackFideId "23716550"]
[PlyCount "0"]
[EventDate "2024.06.29"]

1. e4 e6 2. d4 d5 3. e5 c5 4. c3 Qb6 5. Nf3 Bd7 6. Bd3 cxd4 7. O-O dxc3 8. bxc3
Bb5 9. Bxb5+ Qxb5 10. Nbd2 Nc6 11. Qc2 Nge7 12. c4 Qa5 13. Rb1 Qc7 14. Ba3 Ng6
15. Bxf8 Nxf8 16. Rfc1 Ng6 17. Qb3 O-O 18. cxd5 exd5 19. Qxd5 Ncxe5 20. Qxe5
Qxe5 21. Nxe5 Nxe5 22. Rxb7 Rfd8 23. Nf1 Rd7 24. Rcc7 Rxc7 25. Rxc7 Kf8 26. f4
Nd3 27. g3 Nb4 28. a3 Nd5 29. Rb7 a6 30. Nd2 Rc8 31. Ne4 Rc7 32. Rxc7 Nxc7
33. Kf2 Ke7 1/2-1/2

[Event "POHÁR města Říčany 2024"]
[Site "Městské kulturní středisko U labutě"]
[Date "2024.07.01"]
[Round "4.4"]
[White "Kulhanek, Tomas"]
[Black "Pressler, Tobias"]
[Result "1-0"]
[WhiteElo "2319"]
[BlackElo "2005"]
[WhiteFideId "309656"]
[BlackFideId "23715359"]
[PlyCount "0"]
[EventDate "2024.06.29"]

1. e4 e6 2. d4 d5 3. Nc3 Bb4 4. e5 c5 5. Bd2 cxd4 6. Nb5 Bf8 7. Nxd4 Nc6 8. Bc3
Nge7 9. f4 Nxd4 10. Bxd4 Nc6 11. Nf3 Nxd4 12. Qxd4 Qa5+ 13. Qd2 Qb6 14. O-O-O
Bc5 15. Nd4 Bd7 16. h4 O-O 17. h5 Rfc8 18. Rh3 Ba4 19. Nb3 Bxb3 20. Rxb3 Qc7
21. Kb1 a6 22. Rg3 b5 23. Bd3 b4 24. Re1 Bd4 25. Qe2 Kh8 26. Rd1 Bc3 27. h6 g6
28. Qg4 b3 29. cxb3 Bb4 30. f5 Qxe5 31. fxe6 Bd6 32. Rf3 fxe6 33. Rf7 Rc7
34. Rxc7 Bxc7 35. Rf1 Kg8 36. Qf3 Bd6 37. Qf7+ Kh8 38. Bxa6 Bc5 39. Bb5 Rg8
40. Bd7 1-0

[Event "POHÁR města Říčany 2024"]
[Site "Městské kulturní středisko U labutě"]
[Date "2024.07.01"]
[Round "4.5"]
[White "Jun, Rudolf"]
[Black "Korniichuk, Oleksandra"]
[Result "1-0"]
[WhiteElo "2232"]
[BlackElo "1956"]
[WhiteFideId "376612"]
[BlackFideId "14155656"]
[PlyCount "0"]
[EventDate "2024.06.29"]

1. e4 c5 2. Nf3 Nc6 3. c4 e5 4. Nc3 Be7 5. d3 d6 6. Be2 f5 7. exf5 Bxf5 8. a3
Nf6 9. Bg5 O-O 10. O-O Qd7 11. Rb1 Nd4 12. Nxd4 1-0

[Event "POHÁR města Říčany 2024"]
[Site "Městské kulturní středisko U labutě"]
[Date "2024.07.01"]
[Round "4.6"]
[White "Crha, Ondrej"]
[Black "Vysinsky, Otakar"]
[Result "1/2-1/2"]
[WhiteElo "2171"]
[BlackElo "1941"]
[WhiteFideId "307220"]
[BlackFideId "23719818"]
[PlyCount "0"]
[EventDate "2024.06.29"]

1. e4 c5 2. c3 g6 3. d4 cxd4 4. cxd4 d5 5. exd5 Nf6 6. Nc3 Nxd5 7. Bc4 Nb6
8. Bb3 Bg7 9. Nf3 O-O 10. O-O Bg4 11. h3 Bxf3 12. Qxf3 Nc6 13. Be3 e6 14. Rfd1
Qe7 15. Ne4 h6 16. Rd2 Rfd8 17. Rad1 Na5 18. Bf4 Nxb3 19. axb3 Nd5 20. Be5 Rac8
21. Qg3 Rc6 22. Rd3 Kh7 23. Bxg7 Kxg7 24. Qe5+ f6 25. Qg3 b6 26. Qf3 Rdc8
27. Nc3 Qd6 28. g3 a5 29. h4 h5 30. Nb5 Qd7 31. Na3 Qd8 32. Qe4 Qd7 33. Nc4 Nb4
34. R3d2 Qd5 35. Qf4 Qd7 36. Ne3 Nd5 37. Qe4 Nxe3 38. fxe3 Qd5 39. Qxd5 exd5
40. Kf2 f5 41. Ke2 Kf6 42. Kd3 Ke6 1/2-1/2

[Event "POHÁR města Říčany 2024"]
[Site "Městské kulturní středisko U labutě"]
[Date "2024.07.01"]
[Round "4.7"]
[White "Steiner, Juraj"]
[Black "Verner, Matej"]
[Result "0-1"]
[WhiteElo "1912"]
[BlackElo "2043"]
[WhiteFideId "367516"]
[BlackFideId "23729236"]
[PlyCount "0"]
[EventDate "2024.06.29"]

1. d4 e6 2. c4 d5 3. Nc3 Bb4 4. cxd5 exd5 5. Nf3 Nf6 6. Bg5 Qd6 7. Qd2 c6
8. Qc2 O-O 9. e3 Bg4 10. Bd3 Nbd7 11. O-O Bh5 12. a3 Ba5 13. b4 Bb6 14. h3 Bg6
15. Bxg6 hxg6 16. Rfe1 Rfe8 17. Nh2 Nh5 18. g4 Nhf6 {pro nespravne a nemozne
tahz ukonceno} 0-1

[Event "POHÁR města Říčany 2024"]
[Site "Městské kulturní středisko U labutě"]
[Date "2024.07.01"]
[Round "4.8"]
[White "Hejsek, Lukas"]
[Black "Sedlak, Milan"]
[Result "0-1"]
[WhiteElo "2029"]
[BlackElo "1953"]
[WhiteFideId "393860"]
[BlackFideId "23746149"]
[PlyCount "0"]
[EventDate "2024.06.29"]

1. d4 g6 2. e4 Nf6 3. e5 Nd5 4. c4 Nb6 5. Nf3 d6 6. exd6 cxd6 7. Be2 Bg7 8. O-O
O-O 9. b3 Nc6 10. Bb2 Bg4 11. Nbd2 d5 12. h3 Bf5 13. Re1 Nb4 14. g4 Be6 15. a3
Nc6 16. c5 Nd7 17. b4 a6 18. Nf1 Nf6 19. Ng3 Ne4 20. Nxe4 dxe4 21. Ne5 Bd5
22. Bf1 Qc7 23. Nc4 Rad8 24. Nb6 e6 25. Nxd5 exd5 26. Qd2 f5 27. a4 fxg4 28. b5
axb5 29. axb5 Ne7 30. Ra7 Qb8 31. Rea1 Nf5 32. hxg4 Nh4 33. Bg2 Qc8 34. Qg5 Bf6
35. Qe3 Qxg4 36. Qg3 Qe2 37. Bc3 Qxb5 38. Bf1 Qc6 39. Rb1 Nf3+ 40. Kh1 Bh4
41. Qg4 Rf7 42. Bh3 Qc7 43. Qg2 Qb8 44. Rba1 Ng5 45. Ba5 Rxf2 46. Be6+ Nxe6
47. Qh3 Rf5 48. c6 0-1

[Event "POHÁR města Říčany 2024"]
[Site "Městské kulturní středisko U labutě"]
[Date "2024.07.01"]
[Round "4.9"]
[White "Hronik, Petr"]
[Black "Rut, Vojtech"]
[Result "0-1"]
[WhiteElo "1907"]
[BlackElo "2028"]
[WhiteFideId "336700"]
[BlackFideId "333190"]
[PlyCount "0"]
[EventDate "2024.06.29"]

1. d4 f5 2. Bf4 Nf6 3. e3 e6 4. h4 b6 5. Nd2 Bb7 6. Ngf3 Nc6 7. c3 Bd6 8. Bxd6
cxd6 9. h5 Qe7 10. Qa4 O-O 11. Ba6 Bxa6 12. Qxa6 Ne4 13. Qd3 d5 14. a3 Rac8
15. c4 dxc4 16. Nxc4 d5 17. Nce5 Nxe5 18. Nxe5 Qg5 19. g3 Rc7 20. Nf3 Qh6
21. O-O Rfc8 22. Nd2 Qxh5 23. Nxe4 fxe4 24. Qb5 Qf3 25. Rae1 g5 26. Qe2 g4
27. Qxf3 gxf3 28. g4 Rg7 29. Kh2 Rxg4 30. Rg1 Rxg1 31. Rxg1+ Kf7 32. Rg4 Rg8 0-1

[Event "POHÁR města Říčany 2024"]
[Site "Městské kulturní středisko U labutě"]
[Date "2024.07.01"]
[Round "4.10"]
[White "Novak, Jindrich"]
[Black "Svoboda, Daniel"]
[Result "1-0"]
[WhiteElo "2010"]
[BlackElo "1922"]
[WhiteFideId "307874"]
[BlackFideId "23718684"]
[PlyCount "0"]
[EventDate "2024.06.29"]

1. d4 d5 2. Nf3 Nf6 3. Bf4 c5 4. c3 b6 5. e3 g6 6. Bxb8 Rxb8 7. Qa4+ Bd7 8. Bb5
Bxb5 9. Qxb5+ Qd7 10. a4 Bg7 11. Ne5 Qxb5 12. axb5 Rb7 13. Nd2 O-O 14. Ke2 Ra8
15. Nd3 Ne4 16. Ra2 e5 17. dxe5 1-0

[Event "POHÁR města Říčany 2024"]
[Site "Městské kulturní středisko U labutě"]
[Date "2024.07.01"]
[Round "4.11"]
[White "Petras, Milan"]
[Black "Cabela, Filip"]
[Result "1-0"]
[WhiteElo "1977"]
[BlackElo "1903"]
[WhiteFideId "306665"]
[BlackFideId "23753552"]
[PlyCount "0"]
[EventDate "2024.06.29"]

1. e4 e5 2. Nc3 Nf6 3. f4 d5 4. fxe5 Nxe4 5. d3 Nxc3 6. bxc3 d4 7. Nf3 Nc6
8. Be2 Bc5 9. c4 Qe7 10. Bf4 Bd7 11. O-O O-O-O 12. Kh1 h6 13. c3 Rhg8 14. cxd4
Nxd4 15. Rb1 g5 16. Bg3 Ba4 17. Qxa4 Nxe2 18. Qb3 Nxg3+ 19. hxg3 c6 20. Rbe1 Qd7
21. d4 Bxd4 22. Nxd4 Qxd4 23. Rxf7 Qb6 24. Qc2 Qa5 25. Qf5+ Kb8 26. Rb1 b5
27. cxb5 cxb5 28. e6 Ka8 29. Qe4+ 1-0

[Event "POHÁR města Říčany 2024"]
[Site "Městské kulturní středisko U labutě"]
[Date "2024.07.01"]
[Round "4.12"]
[White "Veverka, Vladimir"]
[Black "Madle, Robin"]
[Result "1-0"]
[WhiteElo "1968"]
[BlackElo "1889"]
[WhiteFideId "23716568"]
[BlackFideId "393886"]
[PlyCount "0"]
[EventDate "2024.06.29"]

1. d4 Nf6 2. c4 e6 3. Nc3 Bb4 4. Qc2 O-O 5. e4 d5 6. cxd5 exd5 7. e5 Ne4 8. Bd3
c5 9. dxc5 Nc6 10. Nf3 Qa5 11. O-O Bxc3 12. bxc3 Re8 13. Be3 g6 14. Bxe4 dxe4
15. Qxe4 Bf5 16. Qf4 Qxc3 17. Qh6 Nxe5 18. Ng5 Be6 19. Qxh7+ Kf8 20. Nxe6+ 1-0

[Event "POHÁR města Říčany 2024"]
[Site "Městské kulturní středisko U labutě"]
[Date "2024.07.01"]
[Round "4.13"]
[White "Grebeniuc, Alexandra"]
[Black "Bezdek, Tomas"]
[Result "1/2-1/2"]
[WhiteElo "1800"]
[BlackElo "1958"]
[WhiteFideId "13911635"]
[BlackFideId "23733551"]
[PlyCount "0"]
[EventDate "2024.06.29"]

1. e4 d5 2. exd5 Qxd5 3. Nc3 Qd6 4. g3 Nf6 5. Bg2 g6 6. Nge2 Bg7 7. d3 c6 8. a3
O-O 9. O-O Nbd7 10. Bd2 Nb6 11. Qc1 Re8 12. Re1 Bf5 13. Ne4 Nxe4 14. dxe4 Bd7
15. Bf4 Qe6 16. e5 Bxe5 17. Bd2 Qf6 18. c3 Nc4 19. Bg5 Qd6 20. b3 Na5 21. Qb2
Qc7 22. Rad1 Bg7 23. Bf1 e5 24. c4 b6 25. Bd2 Nb7 26. Bc3 Bf5 27. Bg2 Nc5
28. Nc1 Rac8 29. Qe2 h5 30. h3 Nd7 31. Na2 a5 32. Nc1 f6 33. Qe3 Kh7 34. Qe2 Bh6
35. b4 axb4 36. axb4 Nf8 37. Nb3 Be6 38. Nd2 Bxd2 39. Bxd2 Qf7 40. Qe3 Bxc4
41. Qxb6 Bd5 42. Bf1 Ne6 43. Be3 Rb8 44. Qa6 Rxb4 45. Rb1 Reb8 46. Rxb4 Rxb4
47. Ra1 Rb7 48. Rd1 f5 49. Bd2 Nd4 1/2-1/2

[Event "POHÁR města Říčany 2024"]
[Site "Městské kulturní středisko U labutě"]
[Date "2024.07.01"]
[Round "4.14"]
[White "Jakubse, Tamae Severina"]
[Black "Ocelak, David"]
[Result "1/2-1/2"]
[WhiteElo "1935"]
[BlackElo "1815"]
[WhiteFideId "23745975"]
[BlackFideId "23728795"]
[PlyCount "0"]
[EventDate "2024.06.29"]

1. e4 c5 2. c3 Nf6 3. e5 Nd5 4. Nf3 e6 5. d4 cxd4 6. cxd4 d6 7. Bc4 Nc6 8. O-O
Be7 9. Qe2 O-O 10. Qe4 dxe5 11. dxe5 Nb6 12. Bd3 g6 13. Bh6 Re8 14. Nc3 Nb4
15. Bb5 Bd7 16. Rfd1 N4d5 17. Bxd7 Qxd7 18. Qg4 Red8 19. Ne4 Qe8 20. Bg5 Rac8
21. Qh4 Rd7 22. a4 a5 23. Bxe7 Qxe7 24. Nfg5 h5 25. g4 Rc4 26. f3 f5 27. exf6
Nxf6 28. Rxd7 Nbxd7 29. gxh5 Nxe4 30. fxe4 Rc5 31. Nf3 Qxh4 32. Nxh4 gxh5
33. Nf3 Kf7 34. h4 Nf6 35. Ng5+ Ke7 36. Rf1 Rc4 37. b3 Rc5 1/2-1/2

[Event "POHÁR města Říčany 2024"]
[Site "Městské kulturní středisko U labutě"]
[Date "2024.07.01"]
[Round "4.15"]
[White "Vavrinec, Tomas"]
[Black "Petrasek, Jiri"]
[Result "1-0"]
[WhiteElo "1922"]
[BlackElo "1788"]
[WhiteFideId "318353"]
[BlackFideId "23735880"]
[PlyCount "0"]
[EventDate "2024.06.29"]

1. Nf3 Nf6 2. c4 c6 3. g3 d5 4. Bg2 Nbd7 5. cxd5 cxd5 6. d4 e6 7. O-O Bd6
8. Nc3 O-O 9. Bd2 b6 10. Nb5 Bb8 11. Bb4 Re8 12. Nd6 Bxd6 13. Bxd6 Nf8 14. Be5
Ng6 15. Bxf6 Qxf6 16. Qa4 Qe7 17. Rfc1 Bd7 18. Qa6 Reb8 19. Qd3 a6 20. h4 Bb5
21. Qd2 f6 22. Rc2 Qd6 23. Rac1 Re8 24. b3 Ne7 25. a4 Bd7 26. Qd3 e5 27. dxe5
fxe5 28. Ng5 h6 29. Nh3 e4 30. Qd2 Ng6 31. Rd1 Bc6 32. Qd4 Qc7 33. Qxd5+ Bxd5
34. Rxc7 Bxb3 35. Rdd7 Nf8 36. Rxg7+ Kh8 37. Nf4 Rad8 38. Nh5 Re6 39. Bxe4 Rd1+
40. Kg2 Bxa4 41. Rgf7 Rd8 42. Bd5 Rg6 43. Nf6 Rxf6 44. Rxf6 Nd7 45. Rxh6+ Kg7
46. Rd6 Kf8 47. Bc6 Bxc6+ 48. Rcxc6 Ke7 49. Re6+ Kf7 50. Red6 Ke7 51. Rh6 Ne5
52. Rxb6 Ng4 53. Rb7+ Kf8 54. Rh8# 1-0

[Event "POHÁR města Říčany 2024"]
[Site "Městské kulturní středisko U labutě"]
[Date "2024.07.01"]
[Round "4.16"]
[White "Gernert, Tomas"]
[Black "Voracek, Zdenek"]
[Result "1-0"]
[WhiteElo "1745"]
[BlackElo "1914"]
[WhiteFideId "23750219"]
[BlackFideId "331880"]
[PlyCount "0"]
[EventDate "2024.06.29"]

1. e4 Nf6 2. e5 Nd5 3. d4 d6 4. c4 Nb6 5. exd6 cxd6 6. Nf3 g6 7. h3 Bg7 8. Nc3
Bf5 9. Be2 Nc6 10. O-O O-O 11. d5 Na5 12. Nd4 e5 13. Nxf5 gxf5 14. Qc2 Qf6
15. a4 Rfc8 16. b3 Nd7 17. Bb2 b6 18. Rab1 Qg6 19. Nd1 Nf6 20. Ne3 e4 21. Qc3 f4
22. Ng4 Ne8 23. Qc2 h5 24. Bxg7 Nxg7 25. Nh2 f3 26. Nxf3 exf3 27. Qxg6 fxg6
28. Bxf3 Re8 29. Rfc1 Rac8 30. Kf1 Nb7 31. b4 Nd8 32. c5 bxc5 33. bxc5 dxc5
34. d6 Re5 35. Rd1 Kf8 36. Bb7 Rb8 37. d7 Rxb7 38. Rxb7 Nxb7 39. d8=Q+ Nxd8
40. Rxd8+ Re8 1-0

[Event "POHÁR města Říčany 2024"]
[Site "Městské kulturní středisko U labutě"]
[Date "2024.07.01"]
[Round "4.17"]
[White "Glasberger, Roman"]
[Black "Kaplanova, Dominika"]
[Result "0-1"]
[WhiteElo "1698"]
[BlackElo "1912"]
[WhiteFideId "398799"]
[BlackFideId "23737344"]
[PlyCount "0"]
[EventDate "2024.06.29"]

1. d4 Nf6 2. c4 e6 3. Nf3 Bb4+ 4. Bd2 Qe7 5. e3 b6 6. Be2 Bb7 7. O-O O-O 8. Nc3
d6 9. a3 Bxc3 10. Bxc3 c5 11. dxc5 dxc5 12. Ne5 Ne4 13. Qc2 Nxc3 14. Qxc3 Nc6
15. Bf3 Nxe5 16. Bxb7 Qxb7 17. Qxe5 Rfd8 18. Rfd1 Rd7 19. Rd6 Rxd6 20. Qxd6 Qe4
21. Rd1 g6 22. Qd3 Qe5 23. Qc3 Qxc3 24. bxc3 Kf8 25. Kf1 Ke7 26. Ke2 f5 27. Kf3
g5 28. g4 Rf8 29. gxf5 Rxf5+ 30. Kg3 Re5 31. Kf3 g4+ 32. Kf4 Rf5+ 33. Kxg4 Rxf2
34. Rb1 Rxh2 35. e4 h5+ 36. Kg3 Rd2 37. Kh4 Rh2+ 38. Kg3 Rc2 39. Rb3 Kd6 40. Kh4
Ke5 41. Kxh5 Kxe4 42. Kg4 Kd3 43. Kf4 Rxc3 44. Rb1 Kxc4 45. Ke4 Rxa3 46. Rc1+
Rc3 47. Ra1 a5 48. Ra4+ Kb3 49. Ra1 Kb2 0-1

[Event "POHÁR města Říčany 2024"]
[Site "Městské kulturní středisko U labutě"]
[Date "2024.07.01"]
[Round "4.19"]
[White "Pisar, Tomas"]
[Black "Hosova, Sandra"]
[Result "1-0"]
[WhiteElo "1971"]
[BlackElo "1808"]
[WhiteFideId "23701501"]
[BlackFideId "397717"]
[PlyCount "0"]
[EventDate "2024.06.29"]

1. d4 d5 2. Nf3 Bf5 3. g3 Nc6 4. Bg2 Qd7 5. O-O O-O-O 6. c4 dxc4 7. Qa4 f6
8. Nc3 Kb8 9. Be3 e5 10. dxe5 fxe5 11. Nxe5 Qe6 12. Nxc6+ bxc6 13. Bxc6 1-0

[Event "POHÁR města Říčany 2024"]
[Site "Městské kulturní středisko U labutě"]
[Date "2024.07.01"]
[Round "4.20"]
[White "Kolar, Edvard"]
[Black "Skala, Jaromir"]
[Result "0-1"]
[WhiteElo "1807"]
[BlackElo "1914"]
[WhiteFideId "23746238"]
[BlackFideId "325805"]
[PlyCount "0"]
[EventDate "2024.06.29"]

1. e4 e5 2. Nf3 Nc6 3. Bc4 Nf6 4. d3 Be7 5. Nc3 d6 6. h3 O-O 7. O-O Na5 8. Nd2
c6 9. Qf3 b5 10. Bb3 Qc7 11. g4 Bb7 12. h4 Nxb3 13. Nxb3 b4 14. Ne2 d5 15. g5
dxe4 16. dxe4 Ne8 17. c3 a5 18. Be3 c5 19. c4 a4 20. Nd2 f5 21. gxf6 Rxf6
22. Qh3 Bc8 23. Qh2 Rg6+ 24. Ng3 Rg4 25. Nf3 Nf6 26. Kh1 Nxe4 27. Nxe4 Rxe4
28. Ng5 Rxc4 29. f3 Ra6 30. Ne4 Bf5 31. Qe2 Rxe4 32. fxe4 Bxe4+ 33. Kh2 Bd3
34. Qxd3 e4+ 35. Bf4 Qxf4+ 36. Rxf4 exd3 37. Re1 Rf6 38. Rc4 Rf2+ 39. Kg3 Rc2
40. Rxc2 dxc2 41. b3 axb3 42. axb3 c4 43. bxc4 Bd6+ 44. Kf3 b3 45. Ke3 b2
46. Kd2 b1=Q 0-1

[Event "POHÁR města Říčany 2024"]
[Site "Městské kulturní středisko U labutě"]
[Date "2024.07.01"]
[Round "4.21"]
[White "Salac, Jiri"]
[Black "Horyna, Josef"]
[Result "1/2-1/2"]
[WhiteElo "1913"]
[BlackElo "1805"]
[WhiteFideId "303992"]
[BlackFideId "316369"]
[PlyCount "0"]
[EventDate "2024.06.29"]

1. d4 Nf6 2. Nf3 d6 3. Bf4 g6 4. Qd2 Bg7 5. Nc3 O-O 6. Bh6 Bg4 7. Bxg7 Kxg7
8. h3 Bxf3 9. gxf3 c5 10. O-O-O cxd4 11. Qxd4 Nc6 12. Qd2 Qb6 13. e3 Rac8 14. f4
a6 15. h4 Qa5 16. Kb1 h5 17. Bh3 e6 18. e4 Rcd8 19. f5 exf5 20. exf5 Ne5 21. Qd4
Qc5 22. Qf4 Neg4 23. Bxg4 Nxg4 24. f3 Ne3 25. f6+ Kh7 26. Rd3 Nf5 27. Rd5 Qc8
28. Ne4 Rh8 29. Rhd1 b5 30. Nxd6 Rxd6 31. Rxd6 Nxd6 32. Rxd6 Re8 33. c3 Qc5
34. Kc2 1/2-1/2

[Event "POHÁR města Říčany 2024"]
[Site "Městské kulturní středisko U labutě"]
[Date "2024.07.01"]
[Round "4.22"]
[White "Blumel, Otto"]
[Black "Dudkova, Josefina"]
[Result "1-0"]
[WhiteElo "1907"]
[BlackElo "1794"]
[WhiteFideId "303852"]
[BlackFideId "23712350"]
[PlyCount "0"]
[EventDate "2024.06.29"]

1. e4 d5 2. d4 c6 3. exd5 Qxd5 4. Nc3 Qd8 5. Bc4 Nf6 6. Nf3 Bf5 7. Ne5 e6 8. g4
Bxc2 9. Qxc2 Qxd4 10. Qe2 Bd6 11. Nxf7 Rf8 12. Be3 Qxg4 13. Nxd6+ Ke7 14. Qxg4
Nxg4 15. Nxb7 1-0

[Event "POHÁR města Říčany 2024"]
[Site "Městské kulturní středisko U labutě"]
[Date "2024.07.01"]
[Round "4.23"]
[White "Pavlicek, Petr"]
[Black "Kuhnmund, Ivan"]
[Result "1-0"]
[WhiteElo "1904"]
[BlackElo "1791"]
[WhiteFideId "325163"]
[BlackFideId "393983"]
[PlyCount "0"]
[EventDate "2024.06.29"]

1. e4 c5 2. Nf3 a6 3. c4 Nc6 4. d4 cxd4 5. Nxd4 Nf6 6. Nc3 g6 7. Be2 Bg7 8. Be3
O-O 9. O-O d6 10. f4 Qb6 11. Nc2 Qc7 12. Rc1 h5 13. h3 e6 14. g4 hxg4 15. hxg4
d5 16. cxd5 exd5 17. e5 Ne4 18. Nxd5 Qa5 19. Ncb4 Be6 20. Qe1 1-0

[Event "POHÁR města Říčany 2024"]
[Site "Městské kulturní středisko U labutě"]
[Date "2024.07.01"]
[Round "4.24"]
[White "Rous, Dominik"]
[Black "Cervenka, Petr"]
[Result "1-0"]
[WhiteElo "1719"]
[BlackElo "1874"]
[WhiteFideId "375993"]
[BlackFideId "312444"]
[PlyCount "0"]
[EventDate "2024.06.29"]

1. b3 e6 2. Bb2 f5 3. e3 Nf6 4. c4 Be7 5. Nf3 O-O 6. Qc2 d6 7. Be2 Qe8 8. d4
Nc6 9. Nbd2 Bd7 10. h3 Nb4 11. Qc3 a5 12. a3 Ne4 13. Nxe4 fxe4 14. Nd2 Qg6
15. axb4 Rxf2 16. Kxf2 Bh4+ 17. Kg1 Rf8 18. Rf1 d5 19. Rxf8+ Kxf8 20. Nf3 exf3
21. Bxf3 Qg3 22. Qd2 c6 23. bxa5 Be8 24. Qe2 Bg6 25. Qf1 Ke8 26. Bc1 Bc2
27. cxd5 exd5 28. b4 Bd3 29. Be2 Be4 30. Bd2 Be7 31. Qf2 Qg6 32. Bf3 Bd3 33. g3
Bd8 34. Kg2 h5 35. g4 Bc7 36. Qh4 Qe6 37. Qxh5+ Kf8 38. Be1 Qe7 39. Bf2 Be4
40. g5 g6 1-0

[Event "POHÁR města Říčany 2024"]
[Site "Městské kulturní středisko U labutě"]
[Date "2024.07.01"]
[Round "4.25"]
[White "Kalvach, Ladislav"]
[Black "Kubicek, Daniel"]
[Result "0-1"]
[WhiteElo "1873"]
[BlackElo "1791"]
[WhiteFideId "317284"]
[BlackFideId "23718838"]
[PlyCount "0"]
[EventDate "2024.06.29"]

1. Nf3 g6 2. c4 Bg7 3. Nc3 d6 4. d4 Nc6 5. b3 Nf6 6. e4 O-O 7. Be3 e5 8. dxe5
dxe5 9. Bc5 Re8 10. Be2 Be6 11. O-O Nd7 12. Be3 Nb6 13. Nd5 Ne7 14. Bg5 Bxd5
15. cxd5 f6 16. Be3 c6 17. d6 Nec8 {pro nesmyslnost ukonceno} 0-1

[Event "POHÁR města Říčany 2024"]
[Site "Městské kulturní středisko U labutě"]
[Date "2024.07.01"]
[Round "4.27"]
[White "Gacho, Ondrej"]
[Black "Jirousek, Tadeas"]
[Result "1-0"]
[WhiteElo "1765"]
[BlackElo "1831"]
[WhiteFideId "23718102"]
[BlackFideId "382353"]
[PlyCount "0"]
[EventDate "2024.06.29"]

1. e4 e6 2. d4 d5 3. exd5 exd5 4. Nf3 Bd6 5. Bd3 Nf6 6. Bg5 O-O 7. O-O Bg4
8. c3 Bh5 9. Nbd2 Nbd7 10. Qc2 Bg6 11. Rfe1 Re8 12. Rxe8+ Qxe8 13. Re1 Qf8
14. Ne5 Re8 15. Ndf3 Bxd3 16. Qxd3 c6 17. Qf5 Qe7 18. g3 Qd8 19. Re3 Rf8 20. Ng4
Be7 21. h4 Ne4 22. Bxe7 Qxe7 23. Ng5 g6 24. Qf4 f5 25. Nh6+ Kg7 26. f3 Kxh6
27. Ne6+ g5 28. hxg5+ Nxg5 29. Qh4+ Kg6 30. Nf4+ 1-0

[Event "POHÁR města Říčany 2024"]
[Site "Městské kulturní středisko U labutě"]
[Date "2024.07.01"]
[Round "4.28"]
[White "Pesek, Jan Antonin"]
[Black "Lavrincik, Pavel"]
[Result "0-1"]
[WhiteElo "1635"]
[BlackElo "1812"]
[WhiteFideId "23745010"]
[BlackFideId "320188"]
[PlyCount "0"]
[EventDate "2024.06.29"]

1. d4 d6 2. Nf3 Nf6 3. c4 g6 4. Nc3 Bg7 5. Bg5 O-O 6. e3 Nbd7 7. Be2 e5 8. O-O
h6 9. Bh4 g5 10. Bg3 Nh5 11. h3 Nxg3 12. fxg3 c6 13. Qc2 Qe7 14. Rad1 Nf6
15. dxe5 dxe5 16. e4 g4 17. hxg4 Nxg4 18. Kh1 Ne3 19. Qd3 Nxf1 20. Bxf1 Bg4
21. Qe3 Rad8 22. Qxa7 Rxd1 23. Nxd1 Qb4 24. Nf2 Bxf3 25. gxf3 Qxb2 26. Kg2 f5
27. a4 fxe4 28. fxe4 Qd4 29. Qxd4 exd4 30. Bd3 Ra8 31. Bc2 Ra6 32. Nd3 Ra8
33. Kh3 Rf8 34. Nf4 Rd8 35. Nd3 b6 36. c5 Rb8 37. Bb3+ Kf8 38. Kg4 bxc5 39. Nxc5
Ke7 40. Bc2 Rb2 41. Bb3 d3 0-1

[Event "POHÁR města Říčany 2024"]
[Site "Městské kulturní středisko U labutě"]
[Date "2024.07.01"]
[Round "4.29"]
[White "Stork, Rostislav"]
[Black "Hampel, Rudolf"]
[Result "1/2-1/2"]
[WhiteElo "1808"]
[BlackElo "1765"]
[WhiteFideId "354988"]
[BlackFideId "323853"]
[PlyCount "0"]
[EventDate "2024.06.29"]

1. e4 c5 2. Nf3 e6 3. d4 cxd4 4. Nxd4 Nf6 5. Nc3 Nc6 6. Bc4 Bb4 7. f3 O-O
8. Qd3 Ne5 9. Qe2 Qc7 10. Bf4 Qxc4 11. Bxe5 Bxc3+ 12. bxc3 Qxc3+ 13. Kf2 Qc5
14. Qb5 Qxb5 1/2-1/2